| 000 | 00494cam a2200157 i 4500 | ||
|---|---|---|---|
| 020 | _a0419111301 : | ||
| 082 | 0 | 0 |
_a624.18341 _bMAC _cL-19, P-59 |
| 100 | 1 |
_aMacGinley, T. J. _943122 |
|
| 245 | 1 | 0 |
_aReinforced concrete : _bdesign theory and examples / _c[by] T. J. MacGinley. |
| 260 |
_aLondon : _bSpon, _c1978. |
||
| 300 |
_axxii, 324 p. : _bill. ; _c24 cm. |
||
| 526 |
_a0 _b0 _c0 _d624_183410000000000_MAC |
||
| 650 | 0 |
_aMCE _9379 |
|
| 650 | 0 | _aReinforced concrete construction. | |
| 942 |
_2ddc _cBK |
||
| 999 |
_c547052 _d547052 |
||